[Event "Alicante Dama Negra 4th"]
[Site "Alicante"]
[Date "2023.12.30"]
[Round "9"]
[White "Lopez Varela, Pablo"]
[Black "Lopez Diaz, Pablo"]
[Result "1-0"]
[WhiteElo "2330"]
[BlackElo "1729"]
[PlyCount "89"]
[EventDate "2023.12.26"]
[EventType "swiss"]
[EventRounds "9"]
[EventCountry "ESP"]
[SourceTitle "CB01_2024"]
[SourceDate "2024.01.03"]
[SourceVersion "1"]
[SourceVersionDate "2024.01.03"]
[SourceQuality "1"]

1. e4 c5 2. d4 cxd4 3. c3 Nf6 4. e5 Nd5 5. Nf3 Nc6 6. Bc4 Nb6 7. Bb3 d5 8. exd6 Qxd6 9. 0-0 dxc3 10. Qe2 Be6 11. Nxc3 Bxb3 12. Nb5 Qb8 13. axb3 e6 14. g3 Qc8 15. Rd1 Be7 16. Bf4 0-0 17. Nc7 Rb8 18. Nb5 Ra8 19. Nc7 Rb8 20. Rac1 Rd8 21. Ne5 Rxd1+ 22. Rxd1 Nxe5 23. Bxe5 Qf8 24. Nxe6 fxe6 25. Bxb8 Qxb8 26. Qxe6+ Kf8 27. Qf5+ Kg8 28. Qe6+ Kf8 29. Qe4 g6 30. h4 Qc8 31. h5 Qf5 32. Qxb7 Qxh5 33. Rd4 Bf6 34. Qb8+ Kg7 35. Qxa7+ Kh6 36. Qxb6 Bxd4 37. Qxd4 Qf5 38. Qf4+ Qxf4 39. gxf4 Kg7 40. Kg2 Kf6 41. Kg3 Ke6 42. Kg4 Kd5 43. Kg5 h5 44. f5 gxf5 45. Kxh5 1-0

[Event "Alicante Dama Negra 4th"]
[Site "Alicante"]
[Date "2023.12.28"]
[Round "4"]
[White "Gupta, Sara"]
[Black "Lopez Varela, Pablo"]
[Result "0-1"]
[WhiteElo "1540"]
[BlackElo "2330"]
[PlyCount "74"]
[EventDate "2023.12.26"]
[EventType "swiss"]
[EventRounds "9"]
[EventCountry "ESP"]
[SourceTitle "CB01_2024"]
[SourceDate "2024.01.03"]
[SourceVersion "1"]
[SourceVersionDate "2024.01.03"]
[SourceQuality "1"]

1. e4 Nf6 2. e5 Nd5 3. d4 d6 4. f4 dxe5 5. dxe5 Bf5 6. Nf3 e6 7. c4 Bb4+ 8. Ke2 Nb6 9. Qxd8+ Kxd8 10. Bd2 Nc6 11. a3 Bxd2 12. Nbxd2 a5 13. Ke3 Na4 14. b3 Nc5 15. Nd4 Nxd4 16. Kxd4 b6 17. Be2 Ke7 18. b4 Rhd8+ 19. Ke3 Nd3 20. Rhf1 h6 21. g4 Bh7 22. Ne4 Nb2 23. Ra2 axb4 24. Rfa1 Rxa3+ 25. Rxa3 bxa3 26. Rxa3 Bxe4 27. Kxe4 Rd2 28. Ke3 Rc2 29. Ra7 Kd7 30. Ra1 Nxc4+ 31. Kd3 Rd2+ 32. Kxc4 Rxe2 33. Kb5 Rb2+ 34. Ka6 Kc8 35. Ka7 Rxh2 36. f5 exf5 37. gxf5 Re2 0-1

[Event "ESP-ch U18"]
[Site "Salobrena"]
[Date "2023.08.04"]
[Round "7"]
[White "Perez Bolanos, David"]
[Black "Lopez Varela, Pablo"]
[Result "1/2-1/2"]
[WhiteElo "2071"]
[BlackElo "2300"]
[PlyCount "71"]
[EventDate "2023.07.31"]
[EventType "swiss"]
[EventRounds "9"]
[EventCountry "ESP"]
[SourceTitle "CBM 215 Extra"]
[Source "ChessBase"]
[SourceDate "2023.09.30"]
[SourceVersion "1"]
[SourceVersionDate "2023.09.30"]
[SourceQuality "1"]

1. d4 f5 2. Nc3 Nf6 3. Bf4 g6 4. Qd3 Bg7 5. e4 fxe4 6. Nxe4 Nxe4 7. Qxe4 d5 8. Qe3 c5 9. Be5 Bxe5 10. Qxe5 0-0 11. dxc5 Nc6 12. Qc3 e5 13. 0-0-0 Rxf2 14. Qg3 Qf8 15. Ne2 Qxc5 16. Qc3 Qf8 17. Ng3 Be6 18. Bd3 e4 19. Be2 Rc8 20. Rhf1 Nb4 21. Qe5 Rxc2+ 22. Kb1 Rc6 23. Rxf2 Qxf2 24. Nh5 gxh5 25. Rf1 Qxf1+ 26. Bxf1 d4 27. Qg5+ Kf7 28. Qf4+ Kg7 29. Qg5+ Kf7 30. Qf4+ Kg6 31. b3 Nd5 32. Qg3+ Kf6 33. Qh4+ Ke5 34. Qg3+ Kf6 35. Qh4+ Ke5 36. Qg3+ 1/2-1/2

[Event "Oviedo op 9th"]
[Site "Oviedo"]
[Date "2023.07.29"]
[Round "8"]
[White "Lianes Garcia, Marcos"]
[Black "Lopez Varela, Pablo"]
[Result "0-1"]
[WhiteElo "2407"]
[BlackElo "2300"]
[PlyCount "122"]
[EventDate "2023.07.24"]
[EventType "swiss"]
[EventRounds "9"]
[EventCountry "ESP"]
[SourceTitle "CBM 215 Extra"]
[Source "ChessBase"]
[SourceDate "2023.09.30"]
[SourceVersion "1"]
[SourceVersionDate "2023.09.30"]
[SourceQuality "1"]

1. e4 c5 2. Nf3 e6 3. d4 cxd4 4. Nxd4 Nc6 5. Nc3 Qc7 6. Be3 a6 7. Qf3 Nf6 8. 0-0-0 Ne5 9. Qg3 b5 10. f4 Neg4 11. Bg1 h5 12. e5 b4 13. Na4 Ne4 14. Qe1 Bb7 15. h3 Nh6 16. Bd3 Nc5 17. Nxc5 Bxc5 18. Rh2 Rc8 19. g4 Ng8 20. Nb3 Bxg1 21. Qxg1 Kf8 22. gxh5 Rxh5 23. Qg4 g6 24. f5 exf5 25. Qxb4+ Ne7 26. Re1 Ke8 27. Kb1 Nd5 28. Qd2 f4 29. Na5 Ne3 30. Nxb7 Qxb7 31. Rf2 g5 32. Qa5 Rxh3 33. e6 dxe6 34. Qxg5 Rb8 35. b3 Nd5 36. Bc4 Qb4 37. Qe5 Ne3 38. Rxe3 Rxe3 39. Qxf4 Re1+ 40. Kb2 Rb7 41. Rh2 Qa5 42. Rh8+ Ke7 43. Qh4+ Kd7 44. Rh5 Qd2 45. Rh8 Qc1+ 46. Kc3 Re3+ 47. Bd3 Rc7+ 48. Kb4 Qe1+ 49. Qxe1 Rxe1 50. Bxa6 Rxc2 51. a4 Re4+ 52. Bc4 f5 53. a5 Ra2 54. Ra8 f4 55. Kc5 f3 56. a6 Ke7 57. Rh8 f2 58. Rh7+ Kf6 59. Rh1 Re1 60. Rh6+ Kg7 61. Rh3 f1Q 0-1

[Event "Oviedo op 9th"]
[Site "Oviedo"]
[Date "2023.07.28"]
[Round "7"]
[White "Lopez Varela, Pablo"]
[Black "Leenhouts, Koen"]
[Result "1-0"]
[WhiteElo "2300"]
[BlackElo "2446"]
[PlyCount "69"]
[EventDate "2023.07.24"]
[EventType "swiss"]
[EventRounds "9"]
[EventCountry "ESP"]
[SourceTitle "CBM 215 Extra"]
[Source "ChessBase"]
[SourceDate "2023.09.30"]
[SourceVersion "1"]
[SourceVersionDate "2023.09.30"]
[SourceQuality "1"]

1. e4 e6 2. d4 d5 3. Nc3 Nf6 4. Bg5 Be7 5. e5 Nfd7 6. h4 a6 7. Qg4 Kf8 8. Bxe7+ Qxe7 9. h5 c5 10. h6 Rg8 11. Nf3 gxh6 12. Qf4 cxd4 13. Qxd4 Nc6 14. Qf4 Qb4 15. Qxh6+ Ke8 16. Qxh7 Rf8 17. 0-0-0 Ndxe5 18. Nxe5 Nxe5 19. Rh5 Qf4+ 20. Kb1 Ng6 21. Qg7 Qxf2 22. Bd3 Qxg2 23. Rh8 Rxh8 24. Bxg6 Qxg6 25. Qxh8+ Ke7 26. Qe5 Kf8 27. Rh1 f6 28. Qd6+ Kf7 29. Qc7+ Kg8 30. Qd8+ Kf7 31. a4 e5 32. Qc7+ Ke6 33. Qb6+ Kf7 34. Nxd5 Bd7 35. Qd6 1-0

[Event "Santiago de Compostela Bicapawn GP B4"]
[Site "Santiago de Compostela"]
[Date "2022.10.21"]
[Round "2"]
[White "Piorun, Kacper"]
[Black "Lopez Varela, Pablo"]
[Result "1-0"]
[WhiteElo "2611"]
[BlackElo "2293"]
[PlyCount "61"]
[EventDate "2022.10.21"]
[EventType "swiss (blitz)"]
[EventRounds "9"]
[EventCountry "ESP"]
[SourceTitle "CBM 210 Extra"]
[Source "ChessBase"]
[SourceDate "2022.11.30"]
[SourceVersion "1"]
[SourceVersionDate "2022.11.30"]
[SourceQuality "1"]

1. g3 c5 2. Bg2 Nc6 3. Nf3 g6 4. 0-0 Bg7 5. e4 d6 6. d3 e5 7. Nc3 Nge7 8. Nh4 0-0 9. f4 exf4 10. Bxf4 Nd4 11. Qd2 Nec6 12. Nd5 Ne7 13. Bg5 Ndc6 14. Nf6+ Kh8 15. Bh6 Ng8 16. Bxg7+ Kxg7 17. Nd5 Nge7 18. Ne3 Be6 19. c3 d5 20. Nef5+ Kg8 21. Qh6 gxf5 22. exf5 Kh8 23. fxe6 fxe6 24. Qxe6 Qb6 25. Rf7 Rxf7 26. Qxf7 Qxb2 27. Qf6+ Kg8 28. Rf1 Qe2 29. Bh3 Qe3+ 30. Kg2 Qe2+ 31. Rf2 1-0

[Event "Santiago de Compostela Bicapawn GP B2"]
[Site "Santiago de Compostela"]
[Date "2022.10.20"]
[Round "4"]
[White "Lopez Varela, Pablo"]
[Black "Kuzubov, Yuriy"]
[Result "1/2-1/2"]
[WhiteElo "2293"]
[BlackElo "2612"]
[PlyCount "79"]
[EventDate "2022.10.20"]
[EventType "swiss (blitz)"]
[EventRounds "9"]
[EventCountry "ESP"]
[SourceTitle "CBM 210 Extra"]
[Source "ChessBase"]
[SourceDate "2022.11.30"]
[SourceVersion "1"]
[SourceVersionDate "2022.11.30"]
[SourceQuality "1"]

1. e4 c5 2. Nf3 e6 3. d4 cxd4 4. Nxd4 a6 5. Nc3 Qc7 6. Be3 Nf6 7. a3 b5 8. Qd2 Bb7 9. f3 Nc6 10. 0-0-0 Na5 11. Kb1 Nc4 12. Bxc4 bxc4 13. g4 h6 14. h4 Rb8 15. g5 Nh5 16. Rhg1 hxg5 17. hxg5 g6 18. f4 Bg7 19. f5 Be5 20. fxg6 fxg6 21. Nf3 Bg7 22. Bd4 0-0 23. Nh4 Bxd4 24. Qxd4 Nf4 25. Qxd7 Rf7 26. Qxc7 Rxc7 27. Rd6 Rf8 28. Rgd1 Bc8 29. Rd8 Rxd8 30. Rxd8+ Kg7 31. e5 Bb7 32. Rd4 Nh3 33. Ne4 Bxe4 34. Rxe4 Rc5 35. Nf3 Rc8 36. Nd4 Nxg5 37. Rg4 Kh6 38. Rh4+ Kg7 39. Rg4 Kh6 40. Rh4+ 1/2-1/2

[Event "Santiago de Compostela Bicapawn GP B2"]
[Site "Santiago de Compostela"]
[Date "2022.10.20"]
[Round "2"]
[White "Lopez Varela, Pablo"]
[Black "Vasquez Schroder, Rodrigo Rafael"]
[Result "1-0"]
[WhiteElo "2293"]
[BlackElo "2520"]
[PlyCount "99"]
[EventDate "2022.10.20"]
[EventType "swiss (blitz)"]
[EventRounds "9"]
[EventCountry "ESP"]
[SourceTitle "CBM 210 Extra"]
[Source "ChessBase"]
[SourceDate "2022.11.30"]
[SourceVersion "1"]
[SourceVersionDate "2022.11.30"]
[SourceQuality "1"]

1. e4 c5 2. g3 d5 3. exd5 Qxd5 4. Nf3 Bg4 5. Be2 Nc6 6. h3 Bf5 7. Nc3 Qd7 8. g4 Bg6 9. Bb5 f6 10. d4 cxd4 11. Qxd4 e5 12. Qa4 a6 13. Be3 0-0-0 14. Rd1 Qc7 15. Rxd8+ Nxd8 16. Be2 Bc5 17. Nd5 Qd6 18. Qc4 Bf7 19. Qxc5+ Qxc5 20. Bxc5 Bxd5 21. c4 Bc6 22. Be3 Ne7 23. 0-0 Ne6 24. b4 Rd8 25. b5 axb5 26. cxb5 Bd5 27. a4 h5 28. a5 hxg4 29. hxg4 Nf4 30. Bxf4 exf4 31. Re1 Ng6 32. a6 bxa6 33. bxa6 Kb8 34. Nd4 Ne5 35. Rd1 Ka7 36. Nb5+ Kb6 37. Nc3 f3 38. Bf1 Kc5 39. Rxd5+ Rxd5 40. Nxd5 Nc6 41. Ne7 Na7 42. Kh2 Kd6 43. Nf5+ Ke5 44. Nxg7 Kf4 45. Kh3 Nc6 46. Bb5 Na7 47. Bd7 Kg5 48. Kg3 Kg6 49. Nf5 Kf7 50. Nd6+ 1-0

[Event "Lugo O Teu Xacobeo"]
[Site "Lugo"]
[Date "2022.10.13"]
[Round "6"]
[White "Starostits, Ilmars"]
[Black "Lopez Varela, Pablo"]
[Result "1-0"]
[WhiteElo "2401"]
[BlackElo "2293"]
[PlyCount "67"]
[EventDate "2022.10.09"]
[EventType "tourn"]
[EventRounds "9"]
[EventCountry "ESP"]
[EventCategory "3"]
[SourceTitle "CBM 210 Extra"]
[Source "ChessBase"]
[SourceDate "2022.11.30"]
[SourceVersion "1"]
[SourceVersionDate "2022.11.30"]
[SourceQuality "1"]

1. d4 Nf6 2. Nf3 b6 3. e3 Bb7 4. Bd3 g6 5. c4 Bg7 6. Nc3 0-0 7. 0-0 d6 8. b4 a5 9. b5 Nbd7 10. Ba3 e5 11. dxe5 Bxf3 12. gxf3 Nh5 13. f4 Nxe5 14. fxe5 Bxe5 15. Ne4 Qh4 16. f4 Bxa1 17. Qxa1 Rae8 18. Qd4 Qg4+ 19. Kh1 f6 20. Bb2 Qh3 21. Rf2 Qh4 22. Rg2 Ng7 23. Nxf6+ Rxf6 24. Qxf6 Qxf6 25. Bxf6 Rxe3 26. Rg3 Re1+ 27. Rg1 Re3 28. Bf1 Kf7 29. Bxg7 Kxg7 30. f5 Kf6 31. fxg6 hxg6 32. Rg3 Rxg3 33. hxg3 Ke5 34. Bd3 1-0

[Event "ESP-ch U18 Rapid"]
[Site "Salobrena"]
[Date "2022.08.07"]
[Round "9"]
[White "Sanleon Pravisano, Nieves"]
[Black "Lopez Varela, Pablo"]
[Result "0-1"]
[WhiteElo "1679"]
[BlackElo "2104"]
[PlyCount "102"]
[EventDate "2022.08.06"]
[EventType "swiss (rapid)"]
[EventRounds "9"]
[EventCountry "ESP"]
[SourceTitle "EXT 2023"]
[Source "ChessBase"]
[SourceDate "2022.10.05"]
[SourceVersion "1"]
[SourceVersionDate "2022.10.05"]
[SourceQuality "1"]

1. d4 Nf6 2. c4 c5 3. d5 e5 4. Nc3 d6 5. e4 h5 6. Nf3 Be7 7. Be2 h4 8. h3 Nbd7 9. Be3 Nf8 10. Qd2 Ng6 11. Nh2 Nh5 12. Bxh5 Rxh5 13. Qe2 Rh8 14. 0-0 Bg5 15. Qd2 Bxe3 16. Qxe3 Rh5 17. Ne2 Rg5 18. Nf3 Rh5 19. Nh2 Rh6 20. f4 exf4 21. Nxf4 Ne5 22. b3 Qg5 23. Nf3 Nxf3+ 24. Qxf3 f6 25. Nd3 Rg6 26. Nf4 Rh6 27. Nd3 Bd7 28. Rae1 0-0-0 29. b4 cxb4 30. Nxb4 Rg6 31. Nd3 Re8 32. Nf4 Rh6 33. Qa3 a6 34. Qxd6 Qg3 35. Qc5+ Kb8 36. Re3 Qg5 37. Rb3 Bc8 38. Ne6 Rxe6 39. Rfb1 Rh8 40. Qa5 Rhe8 41. c5 R6e7 42. d6 Rd7 43. c6 Qxa5 44. cxd7 Qc5+ 45. Kh1 Bxd7 46. Rxb7+ Ka8 47. Rxd7 Rb8 48. Rxb8+ Kxb8 49. Rd8+ Kb7 50. d7 Qc1+ 51. Kh2 Qc7+ 0-1

[Event "Oviedo op 8th"]
[Site "Oviedo"]
[Date "2022.07.20"]
[Round "5"]
[White "Lopez Varela, Pablo"]
[Black "Ayucar Nunez, Inigo"]
[Result "1-0"]
[WhiteElo "2158"]
[BlackElo "1769"]
[PlyCount "83"]
[EventDate "2022.07.17"]
[EventType "swiss"]
[EventRounds "9"]
[EventCountry "ESP"]
[SourceTitle "CBM 209 Extra"]
[Source "ChessBase"]
[SourceDate "2022.09.30"]
[SourceVersion "1"]
[SourceVersionDate "2022.09.30"]
[SourceQuality "1"]

1. b3 d5 2. Bb2 Nf6 3. Nf3 Bf5 4. g3 e6 5. Bg2 Nbd7 6. 0-0 c6 7. d3 Qc7 8. Nbd2 Bc5 9. Qe1 Bg6 10. e4 Qb6 11. Qe2 dxe4 12. dxe4 Be7 13. h3 Qc7 14. a4 Nc5 15. Ne5 Rd8 16. Rad1 Bh5 17. g4 Bg6 18. f3 h5 19. g5 Nfd7 20. f4 0-0 21. h4 Nxe5 22. Bxe5 Bd6 23. Bxd6 Qxd6 24. Nc4 Qe7 25. Ne5 Rxd1 26. Rxd1 Rd8 27. Nxg6 fxg6 28. e5 Rxd1+ 29. Qxd1 Qd7 30. Qxd7 Nxd7 31. Kf2 Kf7 32. Ke3 Ke7 33. Be4 Nf8 34. Kd4 Kd7 35. Kc4 Kc7 36. a5 b5+ 37. Kd4 c5+ 38. Kxc5 a6 39. c4 bxc4 40. Kxc4 Kb8 41. Kc5 Kc7 42. Bc6 1-0